| 000 | 00367nam a2200145Ia 4500 | ||
|---|---|---|---|
| 008 | 230917s9999||||xx |||||||||||||| ||und|| | ||
| 040 |
_e195432 _aMAIN |
||
| 041 | _aEnglish | ||
| 082 | _a342.7 B469H | ||
| 100 | _aBhargava, Gopal | ||
| 245 | 0 | _aHuman rights conflict to build peace | |
| 260 |
_aDelhi _bKalpaz Publications _c2003 |
||
| 300 | _a304 p. | ||
| 942 | _cBK | ||
| 999 |
_c122450 _d122450 |
||